000 00647nam a2200217Ia 4500
003 OSt
005 20230327151406.0
008 210423s2000 xx 000 0 und d
040 _cAL
041 _aeng
082 _a331 SINN
100 _aSINGH (Nirmal);BHATIA (S K)
_978490
245 _aIndustrial relations and collective bargaining: theory and practice
260 _aNew Delhi
_bDeep and deep publication
_c2000
300 _axxvii,362
365 _b200
_cINR
650 _aEconomics
_978491
650 _aLabour Economics
_978492
906 _abargaining: ; collective ; Industrial ; practice ; relations ; theory
942 _2ddc
_cBK
999 _c155111
_d155111